书目信息 |
| 题名: |
林伯渠日记
|
|
| 作者: | 林伯渠 著 | |
| 分册: | ||
| 出版信息: | 北京 中共中央学校出版社 1981 |
|
| 页数: | 127页 | |
| 开本: | 21cm | |
| 丛书名: | ||
| 单 册: | ||
| 中图分类: | K827.7 , D239 | |
| 科图分类: | ||
| 主题词: | 日记-林伯渠 , 中国共产党 | |
| 电子资源: | ||
| ISBN: | ||
| 000 | 00686nam0 2200277 45 | |
| 001 | 0181010027 | |
| 005 | 20040426164829.8 | |
| 010 | @dCNY0.38 | |
| 091 | @a3230.15 | |
| 100 | @a19950608d1981 em y0chiy0121 ea | |
| 101 | 0 | @achi |
| 102 | @aCN@b110000 | |
| 105 | @ay z 000yd | |
| 106 | @ar | |
| 200 | 10 | @a林伯渠日记@Alin bo qu ri ji@f林伯渠著 |
| 210 | @a北京@c中共中央学校出版社@d1981 | |
| 215 | @a127页@d21cm | |
| 600 | 0 | @a林伯渠-日记 |
| 606 | @a日记-林伯渠 | |
| 606 | 0 | @a中国共产党 |
| 690 | @aK827.7@v3 | |
| 690 | @aD239 | |
| 701 | 0 | @a林伯渠@Alin bo qu@4著 |
| 801 | 0 | @aCN@b上海图书馆@c20040426 |
| 801 | 2 | @aCN@bNLC@c20040426 |
| 905 | @f2@b160583-584@dD239@e24 | |
| 林伯渠日记/林伯渠著.-北京:中共中央学校出版社,1981 |
| 127页;21cm |
| ISBN :CNY0.38 |
| ● |
| 相关链接 |
|
|
|
|
正题名:林伯渠日记
索取号:D239/24
 
预约/预借
| 序号 | 登录号 | 条形码 | 馆藏地/架位号 | 状态 | 备注 |
| 1 | 0068377 | 001798692 | 密集书库/ [索取号:D239/24] | 在馆 | |
| 2 | 0068378 | 001798683 | 密集书库/ [索取号:D239/24] | 在馆 | |
| 3 | 0068379 | 001797461 | 密集书库/ [索取号:D239/24] | 在馆 | |
| 4 | 0068380 | 001798718 | 密集书库/ [索取号:D239/24] | 在馆 | |
| 5 | 0068381 | 001798727 | 密集书库/ [索取号:D239/24] | 在馆 | |
| 6 | 0160583 | 000377657 | 第一样本阅览室/ [索取号:D239/24] | 在馆 | |
| 7 | 0160584 | 000377648 | 密集书库/ [索取号:D239/24] | 在馆 | |
| 8 | 0160585 | 001797489 | 密集书库/ [索取号:D239/24] | 在馆 |